Word Ladder: Brontë Novel Quiz Stats

 Plays Quiz Updated Jan 31, 2017

Support Sporcle.
Go Orange.
Score 0/22 Timer 02:00
1 Play Today
Clue 4-Letter Word % Correct
What you do with a novelREAD
94.6%
Achilles' soft spotHEEL
93.8%
Brick or stone barrierWALL
93.5%
___ over backwardBEND
93%
Necklace elementBEAD
92.7%
Hay bundleBALE
91.1%
Infernal regionHELL
89.8%
✒️️ Where Rochester lives: Thornfield ____ ✒️️HALL
89.3%
Pay close attention toHEED
88.3%
✒️️ First words of the novel: ✒️️
'There was no possibility of taking a ____ that day.'
WALK
87.5%
Pig fatLARD
85.4%
Clue 4-Letter Word % Correct
Nickname for ShakespeareBARD
84.8%
✒️️ The surname of [First Rung]'s cruel aunt ✒️️REED
83.8%
Penalized move in baseball BALK
83.6%
✒️️ Final words of the novel: ✒️️
'Amen; even so come, ____ Jesus!'
LORD
77.4%
Cause of one's undoingBANE
74.8%
Oral historyLORE
73.3%
✒️️ Brontë novel: ___ [Last Rung] ✒️️JANE
71.1%
✒️️ Brontë novel: [First Rung] ___ ✒️️EYRE
67.6%
Tough situationBIND
67.2%
✒️️ 'I am no ____; and no net ensnares me' ✒️️BIRD
66.4%
Harp's older cousinLYRE
63.5%

Today's Daily Dose

You're not logged in!

Compare scores with friends on all Sporcle quizzes.
OR
Log In
Forgot?

From the Vault

Fictional Schools of Literature

by goseaward

Even fictional characters have something they need to learn.
Remove Ads.
Support Sporcle.
Get the best of Sporcle when you Go Orange. This ad-free experience offers more features, more stats, and more fun while also helping to support Sporcle. Thank you for becoming a member.

Show Comments

Extras

Top Quizzes Today


Score Distribution

Your Account Isn't Verified!

In order to create a playlist on Sporcle, you need to verify the email address you used during registration. Go to your Sporcle Settings to finish the process.

Report this User

Report this user for behavior that violates our Community Guidelines.

Details: